Paroles : Comme toi - Goldman - Statistiques

Statistiques générales
  • Ce quiz a été pris 370 fois
  • Le résultat moyen est 252 sur 288
Statistiques - réponses
Réponse % Correct
À
98%
à
98%
Comme
97%
comme
97%
Elle
97%
elle
97%
Et
97%
et
97%
toi
97%
de
96%
De
96%
Le
96%
sa
96%
Sa
96%
en
94%
la
94%
La
94%
les
94%
au
93%
Au
93%
pas
93%
y
93%
avait
91%
je
91%
se
90%
yeux
90%
bas
89%
un
89%
famille
88%
mère
88%
autour
86%
côté
86%
Mais
86%
n'est
86%
qui
86%
Qui
86%
robe
86%
velours
86%
clairs
85%
peu
85%
jour
84%
ses
84%
tout
84%
aimait
83%
amis
83%
que
83%
d'en
82%
peut
82%
surtout
82%
Surtout
82%
ans
81%
c'était
81%
C'était
81%
regarde
81%
vie
81%
Ici
80%
Jérémie
80%
quoi
80%
allait
79%
du
79%
huit
79%
l'école
79%
maintenant
79%
n'avait
79%
s'appelait
79%
Sarah
79%
douceur
78%
une
78%
village
78%
ils
77%
musique
77%
photo
77%
voir
77%
Anna
76%
fille
76%
née
76%
rêvant
75%
bonheur
74%
personne
74%
petite
73%
soir
73%
ton
73%
très
73%
bonne
72%
dort
72%
histoire
72%
l'on
72%
sage
72%
Varsovie
72%
âge
71%
d'un
71%
Mozart
71%
nuages
71%
Sans
71%
blancs
70%
puis
70%
Ruth
70%
fin
69%
apprenait
68%
poupée
67%
autrement
66%
décidé
66%
Peut-être
66%
lois
64%
Rêves
64%
livres
63%
avaient
62%
bois
62%
d'autres
62%
tes
62%
princesses
61%
dorment
60%
gens
60%
pose
60%
marieraient
59%
soleil
58%
doux
53%
distraite
52%
Schumann
49%
grenouilles
43%
chantait
40%
Aucun quiz correspondant
Distribution des résultats
% des personnes avec chaque résultat
Percentile par nombre de réponses
Votre historique - résultats
Vous n’avez pas pris ce quiz